Globale Zivilverfassungen. Alternativen zu einer staatszentrierten Verfassungstheorie

Guardado en:  
Detalles Bibliográficos
Autor principal: Teubner, Gunther (Autor)
Tipo de documento: Print Artículo
Lenguaje:Alemán
Publicado: 2004
En: Kursbuch
Año: 2004, Volumen: 155, Páginas: 81-97
Verificar disponibilidad: HBZ Gateway
Palabras clave:

MARC

LEADER 00000caa a22000002c 4500
001 1525819593
003 DE-627
005 20260303130450.0
007 tu
008 160223s2004 xx ||||| 00| ||ger c
035 |a (DE-627)1525819593 
035 |a (DE-576)455819599 
035 |a (DE-599)BSZ455819599 
040 |a DE-627  |b ger  |c DE-627  |e rakwb 
041 |a ger 
100 1 |a Teubner, Gunther  |4 aut 
245 1 0 |a Globale Zivilverfassungen. Alternativen zu einer staatszentrierten Verfassungstheorie  |c Gunther Teubner 
264 1 |c 2004 
336 |a Text  |b txt  |2 rdacontent 
337 |a ohne Hilfsmittel zu benutzen  |b n  |2 rdamedia 
338 |a Band  |b nc  |2 rdacarrier 
773 0 8 |i In  |t Kursbuch  |d Hamburg : Kursbuch Kulturstiftung, 1965  |g 155(2004), Seite 81-97  |w (DE-627)129080365  |w (DE-600)3287-6  |w (DE-576)014413086  |x 0023-5652  |7 nnas 
773 1 8 |g volume:155  |g year:2004  |g pages:81-97 
935 |a mkri 
951 |a AR 
ELC |b 1 
LOK |0 000 xxxxxcx a22 zn 4500 
LOK |0 001 2899277367 
LOK |0 003 DE-627 
LOK |0 004 1525819593 
LOK |0 005 20260303130450 
LOK |0 008 160208||||||||||||||||ger||||||| 
LOK |0 040   |a DE-21-110  |c DE-627  |d DE-21-110 
LOK |0 689   |a s  |a Grundrechte 
LOK |0 689   |a s  |a Cyberspace 
LOK |0 852   |a DE-21-110 
LOK |0 852 1  |m p  |9 00 
LOK |0 935   |a k110 
LOK |0 938   |k p 
LOK |0 939   |a 08-02-16  |b l01 
ORI |a WA-MARC-krimdoka001.raw